书目信息 |
| 书名: | 标准汉日辞典 | |
| 作者: | 旺文社. | |
| 分册号: | ||
| 分册名: | 出版地: | 日本东京 : |
|
| 出版社: | 株式会社旺文社 | |
| 出版时间: | ||
| 页数: | 991 p. ; | |
| 开本: | 20cm. | |
| 丛书名: | ||
| 中图分类号: | ||
| 科图分类号: | ||
| 其他分类号: | H366 | |
| 主题词: | ||
| 电子资源: | ||
| 000 | 00368nam 2200157 a 4500 | |
| 001 | E0729673341 | |
| 005 | 20070729164340.01 | |
| 008 | 070729s 00010 eng | |
| 040 | @aPFT@bchi | |
| 041 | @achi@hjpn | |
| 090 | @aH366 | |
| 099 | @e1@dH366 | |
| 245 | 1 | @a标准汉日辞典 / @c旺文社. |
| 260 | @a日本东京 :@b株式会社旺文社. | |
| 300 | @a991 p. ;@c20cm. | |
| 650 | @a工具书 | |
| 标准汉日辞典 / / 旺文社.-日本东京 : : 株式会社旺文社. |
| 991 p. ; ; 20cm. |
| ISBN |
| ● |
| 相关链接 |
|
|
|
|
正题名:标准汉日辞典
索取号:H366/1
 
预约/预借
| 序号 | 登录号 | 条形码 | 馆藏地/架位号 | 状态 | 备注 |
| 1 | 0014588 | 300145885 | 第二样本阅览室/ [索取号:H366/1] | 在馆 |